College Sports Logos Quiz #4 - Statistics

General Stats
  • This quiz has been taken 11,164 times
    11,162 since last reset
  • The average score is 14 of 20
Answer Stats
Picture Answer % Correct
UC Berkeley
95%
Louisiana State
94%
Florida
91%
Cincinnati
90%
Utah State
90%
Arkansas
89%
Virginia
86%
Ohio State
85%
Navy
79%
New Mexico
70%
Rhode Island
68%
New Hampshire
67%
Central Michigan
59%
Missouri
56%
Loyola Chicago
53%
Buffalo
50%
Murray State
42%
Virginia Commonwealth
42%
UC Irvine
41%
Nevada
36%
No matching quizzes found
Score Distribution
Percent of People with Each Score
Percentile by Number Answered
Your Score History
You have not taken this quiz since the last reset